000
00190nam a2200109Ia 4500
100
_a
#N/A
942
_c
BK
654
_a
sw 4 biz
245
_a
SW 4 biz
260
_b
#N/A
546
_a
ENGLISH
999
_c
27090
_d
27090